<?xml version="1.0" encoding="UTF-8"?>
<collection xmlns="http://www.loc.gov/MARC21/slim">
 <record>
  <leader>02640nam a22003257a 4500</leader>
  <controlfield tag="001">NCT_43317</controlfield>
  <controlfield tag="008">180622b        xxu||||| |||| 00| 0 vie d</controlfield>
  <datafield tag="999" ind1=" " ind2=" ">
   <subfield code="c">2077</subfield>
   <subfield code="d">2077</subfield>
  </datafield>
  <datafield tag="020" ind1=" " ind2=" ">
   <subfield code="c">40000</subfield>
  </datafield>
  <datafield tag="082" ind1="0" ind2="4">
   <subfield code="2">23rd ed.</subfield>
   <subfield code="a">658.4</subfield>
   <subfield code="b">Ph561</subfield>
  </datafield>
  <datafield tag="100" ind1="1" ind2=" ">
   <subfield code="a">Đồng Thị Thanh Phương</subfield>
  </datafield>
  <datafield tag="245" ind1="1" ind2="0">
   <subfield code="a">Quản trị hành chánh văn phòng =</subfield>
   <subfield code="b">Office management</subfield>
   <subfield code="c">Đồng Thị Thanh Phương, Nguyễn Thị Ngọc An</subfield>
  </datafield>
  <datafield tag="250" ind1=" " ind2=" ">
   <subfield code="a">Tái bản lần thứ 4, có chỉnh sửa, bổ sung</subfield>
  </datafield>
  <datafield tag="260" ind1=" " ind2=" ">
   <subfield code="a">TP Hồ Chí Minh</subfield>
   <subfield code="b">Tổng hợp TP Hồ Chí Minh</subfield>
   <subfield code="c">2011</subfield>
  </datafield>
  <datafield tag="300" ind1=" " ind2=" ">
   <subfield code="a">329 tr.</subfield>
   <subfield code="b">minh họa</subfield>
   <subfield code="c">21cm</subfield>
  </datafield>
  <datafield tag="520" ind1="3" ind2=" ">
   <subfield code="a">Giáo trình gồm có 3 phần: phần 1 gồm tổng quát về quản trị hành chính văn phòng, phần 2 gồm nghiệp vụ hành chánh văn phòng, phần 3 về công tác văn bản</subfield>
  </datafield>
  <datafield tag="653" ind1=" " ind2=" ">
   <subfield code="a">Quản trị kinh doanh</subfield>
  </datafield>
  <datafield tag="700" ind1="1" ind2=" ">
   <subfield code="a">Nguyễn Thị Ngọc An</subfield>
  </datafield>
  <datafield tag="942" ind1=" " ind2=" ">
   <subfield code="2">ddc</subfield>
   <subfield code="c">BK</subfield>
  </datafield>
  <datafield tag="952" ind1=" " ind2=" ">
   <subfield code="0">0</subfield>
   <subfield code="1">0</subfield>
   <subfield code="2">ddc</subfield>
   <subfield code="4">0</subfield>
   <subfield code="6">658_400000000000000_PH561</subfield>
   <subfield code="7">0</subfield>
   <subfield code="9">11286</subfield>
   <subfield code="a">000001</subfield>
   <subfield code="b">000001</subfield>
   <subfield code="d">2018-06-22</subfield>
   <subfield code="o">658.4 Ph561</subfield>
   <subfield code="p">MD.05097</subfield>
   <subfield code="r">2018-06-22</subfield>
   <subfield code="v">40000.00</subfield>
   <subfield code="w">2018-06-22</subfield>
   <subfield code="y">BK</subfield>
  </datafield>
  <datafield tag="952" ind1=" " ind2=" ">
   <subfield code="0">0</subfield>
   <subfield code="1">0</subfield>
   <subfield code="2">ddc</subfield>
   <subfield code="4">0</subfield>
   <subfield code="6">658_400000000000000_PH561</subfield>
   <subfield code="7">0</subfield>
   <subfield code="9">11287</subfield>
   <subfield code="a">000001</subfield>
   <subfield code="b">000001</subfield>
   <subfield code="d">2018-06-22</subfield>
   <subfield code="l">1</subfield>
   <subfield code="o">658.4 Ph561</subfield>
   <subfield code="p">MD.05098</subfield>
   <subfield code="r">2019-12-12</subfield>
   <subfield code="s">2019-11-06</subfield>
   <subfield code="v">40000.00</subfield>
   <subfield code="w">2018-06-22</subfield>
   <subfield code="y">BK</subfield>
  </datafield>
  <datafield tag="952" ind1=" " ind2=" ">
   <subfield code="0">0</subfield>
   <subfield code="1">0</subfield>
   <subfield code="2">ddc</subfield>
   <subfield code="4">0</subfield>
   <subfield code="6">658_400000000000000_PH561</subfield>
   <subfield code="7">0</subfield>
   <subfield code="9">11288</subfield>
   <subfield code="a">000001</subfield>
   <subfield code="b">000001</subfield>
   <subfield code="d">2018-06-22</subfield>
   <subfield code="l">2</subfield>
   <subfield code="o">658.4 Ph561</subfield>
   <subfield code="p">MD.05099</subfield>
   <subfield code="r">2020-10-08</subfield>
   <subfield code="s">2020-10-02</subfield>
   <subfield code="v">40000.00</subfield>
   <subfield code="w">2018-06-22</subfield>
   <subfield code="y">BK</subfield>
  </datafield>
  <datafield tag="952" ind1=" " ind2=" ">
   <subfield code="0">0</subfield>
   <subfield code="1">0</subfield>
   <subfield code="2">ddc</subfield>
   <subfield code="4">0</subfield>
   <subfield code="6">658_400000000000000_PH561</subfield>
   <subfield code="7">0</subfield>
   <subfield code="9">11289</subfield>
   <subfield code="a">000001</subfield>
   <subfield code="b">000001</subfield>
   <subfield code="d">2018-06-22</subfield>
   <subfield code="l">2</subfield>
   <subfield code="o">658.4 Ph561</subfield>
   <subfield code="p">MD.05100</subfield>
   <subfield code="r">2019-04-16</subfield>
   <subfield code="s">2019-04-10</subfield>
   <subfield code="v">40000.00</subfield>
   <subfield code="w">2018-06-22</subfield>
   <subfield code="y">BK</subfield>
  </datafield>
  <datafield tag="952" ind1=" " ind2=" ">
   <subfield code="0">0</subfield>
   <subfield code="1">0</subfield>
   <subfield code="2">ddc</subfield>
   <subfield code="4">0</subfield>
   <subfield code="6">658_400000000000000_PH561</subfield>
   <subfield code="7">0</subfield>
   <subfield code="9">11290</subfield>
   <subfield code="a">000001</subfield>
   <subfield code="b">000001</subfield>
   <subfield code="d">2018-06-22</subfield>
   <subfield code="l">1</subfield>
   <subfield code="o">658.4 Ph561</subfield>
   <subfield code="p">MD.05155</subfield>
   <subfield code="r">2019-04-16</subfield>
   <subfield code="s">2019-04-10</subfield>
   <subfield code="v">40000.00</subfield>
   <subfield code="w">2018-06-22</subfield>
   <subfield code="y">BK</subfield>
  </datafield>
  <datafield tag="952" ind1=" " ind2=" ">
   <subfield code="0">0</subfield>
   <subfield code="1">0</subfield>
   <subfield code="2">ddc</subfield>
   <subfield code="4">0</subfield>
   <subfield code="6">658_400000000000000_PH561</subfield>
   <subfield code="7">0</subfield>
   <subfield code="9">11291</subfield>
   <subfield code="a">000001</subfield>
   <subfield code="b">000001</subfield>
   <subfield code="d">2018-06-22</subfield>
   <subfield code="l">1</subfield>
   <subfield code="o">658.4 Ph561</subfield>
   <subfield code="p">MD.05156</subfield>
   <subfield code="r">2019-11-14</subfield>
   <subfield code="s">2019-11-06</subfield>
   <subfield code="v">40000.00</subfield>
   <subfield code="w">2018-06-22</subfield>
   <subfield code="y">BK</subfield>
  </datafield>
  <datafield tag="952" ind1=" " ind2=" ">
   <subfield code="0">0</subfield>
   <subfield code="1">0</subfield>
   <subfield code="2">ddc</subfield>
   <subfield code="4">0</subfield>
   <subfield code="6">658_400000000000000_PH561</subfield>
   <subfield code="7">0</subfield>
   <subfield code="9">11292</subfield>
   <subfield code="a">000001</subfield>
   <subfield code="b">000001</subfield>
   <subfield code="d">2018-06-22</subfield>
   <subfield code="o">658.4 Ph561</subfield>
   <subfield code="p">MD.05157</subfield>
   <subfield code="r">2018-06-22</subfield>
   <subfield code="v">40000.00</subfield>
   <subfield code="w">2018-06-22</subfield>
   <subfield code="y">BK</subfield>
  </datafield>
  <datafield tag="952" ind1=" " ind2=" ">
   <subfield code="0">0</subfield>
   <subfield code="1">0</subfield>
   <subfield code="2">ddc</subfield>
   <subfield code="4">0</subfield>
   <subfield code="6">658_400000000000000_PH561</subfield>
   <subfield code="7">0</subfield>
   <subfield code="9">11293</subfield>
   <subfield code="a">000001</subfield>
   <subfield code="b">000001</subfield>
   <subfield code="d">2018-06-22</subfield>
   <subfield code="o">658.4 Ph561</subfield>
   <subfield code="p">MD.05158</subfield>
   <subfield code="r">2018-06-22</subfield>
   <subfield code="v">40000.00</subfield>
   <subfield code="w">2018-06-22</subfield>
   <subfield code="y">BK</subfield>
  </datafield>
  <datafield tag="952" ind1=" " ind2=" ">
   <subfield code="0">0</subfield>
   <subfield code="1">0</subfield>
   <subfield code="2">ddc</subfield>
   <subfield code="4">0</subfield>
   <subfield code="6">658_400000000000000_PH561</subfield>
   <subfield code="7">0</subfield>
   <subfield code="9">11294</subfield>
   <subfield code="a">000001</subfield>
   <subfield code="b">000001</subfield>
   <subfield code="d">2018-06-22</subfield>
   <subfield code="o">658.4 Ph561</subfield>
   <subfield code="p">MD.05159</subfield>
   <subfield code="r">2018-06-22</subfield>
   <subfield code="v">40000.00</subfield>
   <subfield code="w">2018-06-22</subfield>
   <subfield code="y">BK</subfield>
  </datafield>
  <datafield tag="952" ind1=" " ind2=" ">
   <subfield code="0">0</subfield>
   <subfield code="1">0</subfield>
   <subfield code="2">ddc</subfield>
   <subfield code="4">0</subfield>
   <subfield code="6">658_400000000000000_PH561</subfield>
   <subfield code="7">0</subfield>
   <subfield code="9">11295</subfield>
   <subfield code="a">000001</subfield>
   <subfield code="b">000001</subfield>
   <subfield code="d">2018-06-22</subfield>
   <subfield code="o">658.4 Ph561</subfield>
   <subfield code="p">MD.05160</subfield>
   <subfield code="r">2018-06-22</subfield>
   <subfield code="v">40000.00</subfield>
   <subfield code="w">2018-06-22</subfield>
   <subfield code="y">BK</subfield>
  </datafield>
  <datafield tag="980" ind1=" " ind2=" ">
   <subfield code="a">Thư viện Trường Đại học Nam Cần Thơ</subfield>
  </datafield>
 </record>
</collection>
